000 00954nam0a22002651 4500
001 rc\207010
005 20030307114148.2
010 _a5-07-001269-X
_975000
035 _a(NLR Aleph) 005458306
090 _a4930716
_c4930716
100 _a20030307d1992 u |0rusy50 ca
101 0 _arus
102 _aRU
105 _aa |||||||||
200 1 _aФактор справедливости, или "И это после всего, что я для тебя сделал..."
_e[Пер. с англ.]
210 _aМ.
_cЗнание
_d1992
215 _a94, [1] с.
_cил.
_d20
300 _aПеревод изд.: Managing the equity factor or "After all I've done for you..." / Richard C. Huseman, John D. Hatfield (Boston)
700 1 _aХьюсман
_bР. К.
_gРичард К.
701 1 _aХэтфилд
_bД. Д.
_gДжон Д.
801 0 _aRU
_bNLR
_gpsbo
801 1 _aRU
_bELAR
_2rusmarc
852 _aNLR
_j92-4/1522
942 _cBOOK
980 _aNB